Physical Methods in Bioinorganic Chemistry: (Record no. 6026)

MARC details
000 -LEADER
fixed length control field 00561nam a22001937a 4500
003 - CONTROL NUMBER IDENTIFIER
control field OSt
005 - DATE AND TIME OF LATEST TRANSACTION
control field 20180301191917.0
008 - FIXED-LENGTH DATA ELEMENTS--GENERAL INFORMATION
fixed length control field 180301b xxu||||| |||| 00| 0 eng d
020 ## - INTERNATIONAL STANDARD BOOK NUMBER
International Standard Book Number 1891389025
040 ## - CATALOGING SOURCE
Transcribing agency DDC
082 ## - DEWEY DECIMAL CLASSIFICATION NUMBER
Classification number 572.51PHY 2000
100 ## - MAIN ENTRY--PERSONAL NAME
Personal name Edited by Que, Lawrence Jr;
9 (RLIN) 12507
245 ## - TITLE STATEMENT
Title Physical Methods in Bioinorganic Chemistry:
Remainder of title Spectroscopy and Magnetism.
260 ## - PUBLICATION, DISTRIBUTION, ETC. (IMPRINT)
Place of publication, distribution, etc. Califonia:
Name of publisher, distributor, etc. University Science Books.
Date of publication, distribution, etc. 2000.
300 ## - PHYSICAL DESCRIPTION
Extent vii,556p:
Other physical details ill:
Dimensions 25cm
504 ## - BIBLIOGRAPHY, ETC. NOTE
Bibliography, etc includes index.
650 ## - SUBJECT ADDED ENTRY--TOPICAL TERM
Topical term or geographic name as entry element Chemistry.
9 (RLIN) 797
942 ## - ADDED ENTRY ELEMENTS (KOHA)
Source of classification or shelving scheme Dewey Decimal Classification
Koha item type Open Shelf
Holdings
Withdrawn status Lost status Source of classification or shelving scheme Damaged status Not for loan Home library Current library Date acquired Source of acquisition Inventory number Total Checkouts Full call number Barcode Date last seen Koha item type
    Dewey Decimal Classification     MUST Main Library MUST Main Library 01/03/2018   04/21593   572.51PHY 2000 2018-0134 01/03/2018 Open Shelf
    Dewey Decimal Classification     MUST Main Library MUST Main Library 01/03/2018   05/23492   572.51PHY 2000 2018-0135 01/03/2018 Open Shelf
    Dewey Decimal Classification     MUST Main Library MUST Main Library 01/03/2018   04/21592   572.51PHY 2000 2018-0136 01/03/2018 Open Shelf
    Dewey Decimal Classification     MUST Main Library MUST Main Library 01/03/2018   05/23493   572.51PHY 2000 2018-0137 01/03/2018 Open Shelf
    Dewey Decimal Classification     MUST Main Library MUST Main Library 01/03/2018   04/21591   572.51PHY 2000 2018-0138 01/03/2018 Open Shelf
    Dewey Decimal Classification     MUST Main Library MUST Main Library 01/03/2018   05/23491   572.51PHY 2000 2018-0139 01/03/2018 Open Shelf